Olympischer Medaillenspiegel - Beachvolleyball - Statistiken

Allgemein
  • Dieses Quiz wurde 36 mal gespielt
  • Das Durchschnittsergebnis liegt bei 11 aus 14
Antwortstatistiken
Gesamt Gold Silber Bronze Land % Korrekt
3 2 0 1 Deutschland
100%
11 7 2 2 Vereinigte Staaten
100%
1 0 1 0 Italien
94%
1 0 0 1 Kanada
94%
1 0 1 0 Spanien
88%
3 1 1 1 Australien
85%
2 0 1 1 China
82%
1 0 0 1 Niederlande
82%
1 0 1 0 ROC
82%
13 3 7 3 Brasilien
70%
1 1 0 0 Norwegen
70%
2 0 0 2 Schweiz
67%
1 0 0 1 Lettland
30%
1 0 0 1 Katar
24%
Keine übereinstimmenden Quizze gefunden
Verteilung der Resultate
Anzahl Personen mit jedem Resultat
Perzentil nach korrekt beantworteten Fragen
Ihre Resultats-Entwicklung
Sie haben dieses Quiz noch nicht gespielt